Eurocode 1 : the code for structural loading : thermal actions, actions during execution, accidental actions, traffic loads on bridges, actions in silos and tanks, and actions induced by cranes and machinery. (Record no. 97426)

MARC details
000 -LEADER
fixed length control field 00933cam a2200277 4500
008 - FIXED-LENGTH DATA ELEMENTS--GENERAL INFORMATION
fixed length control field 090401t1998 xxu||||| |||| 00| 0 eng d
020 ## - INTERNATIONAL STANDARD BOOK NUMBER
International Standard Book Number 1860812414
035 ## - SYSTEM CONTROL NUMBER
System control number (Sirsi) u89112
041 ## - LANGUAGE CODE
Language code of text/sound track or separate title eng
050 ## - LIBRARY OF CONGRESS CALL NUMBER
Classification number 624.172
110 ## - MAIN ENTRY--CORPORATE NAME
Corporate name or jurisdiction name as entry element Building Research Establishment
245 ## - TITLE STATEMENT
Title Eurocode 1 : the code for structural loading : thermal actions, actions during execution, accidental actions, traffic loads on bridges, actions in silos and tanks, and actions induced by cranes and machinery.
260 ## - PUBLICATION, DISTRIBUTION, ETC.
Place of publication, distribution, etc. London
Name of publisher, distributor, etc. Construction Research Communications Ltd
Date of publication, distribution, etc. 1998
300 ## - PHYSICAL DESCRIPTION
Extent 8p. ; 30cm.
350 ## - PRICE (NR) (BK AM CF MU VM SE) [OBSOLETE]
Price 0
490 ## - SERIES STATEMENT
Series statement BRE Information Paper
Volume/sequential designation IP 13/98 Part 2
650 ## - SUBJECT ADDED ENTRY--TOPICAL TERM
Topical term or geographic name entry element EUROCODE 1
650 ## - SUBJECT ADDED ENTRY--TOPICAL TERM
Topical term or geographic name entry element LOADS
650 ## - SUBJECT ADDED ENTRY--TOPICAL TERM
Topical term or geographic name entry element STRUCTURAL DESIGN
650 ## - SUBJECT ADDED ENTRY--TOPICAL TERM
Topical term or geographic name entry element STRUCTURAL LOADS
690 ## - LOCAL SUBJECT ADDED ENTRY--TOPICAL TERM (OCLC, RLIN)
Topical term or geographic name as entry element BUILT ENVIRONMENT-CONSTRUCTION DESIGN
700 ## - ADDED ENTRY--PERSONAL NAME
Personal name Menzies, J.B.
700 ## - ADDED ENTRY--PERSONAL NAME
Personal name Gulvanessian, H.
942 ## - ADDED ENTRY ELEMENTS (KOHA)
Suppress in OPAC 0
948 ## - LOCAL PROCESSING INFORMATION (OCLC); SERIES PART DESIGNATOR (RLIN)
c (OCLC) 20/10/1998
Holdings
Withdrawn status Lost status Source of classification or shelving scheme Damaged status Not for loan Home library Current library Shelving location Date acquired Total Checkouts Full call number Barcode Date last seen Copy number Price effective from Koha item type
    Dewey Decimal Classification     London London Boxed set 14/09/1999   RESERVE SHELF 323 30056579 06/08/2019 1 06/08/2019 Book